|
|
|
|
| LEADER |
00000nam a2200000Ia 4500 |
| 008 |
180226b1999 ck ||||| |||| 00| | spa d |
| 999 |
|
|
|c 1547
|d 1547
|
| 090 |
|
|
|a 06.02.01
|b 247
|
| 110 |
2 |
|
|a Universidad de San Buenaventura
|9 3399
|
| 245 |
1 |
0 |
|a Itinerario Educativo
|
| 260 |
|
|
|a Santafé de Bogota, Colombia :
|b Departamento de publicaciones, Universidad de San Buenaventura,
|c 1999
|
| 300 |
|
|
|a 282 páginas
|
| 650 |
1 |
4 |
|a EDUCACIÓN
|9 1
|
| 650 |
1 |
4 |
|a PRÁCTICA PEDAGÓGICA
|9 499
|
| 650 |
1 |
4 |
|a CURRÍCULO (EDUCACIÓN)
|9 342
|
| 650 |
1 |
4 |
|a INVESTIGACIÓN
|9 163
|
| 942 |
|
|
|i 00372
|h 06.02.01 247
|2 z
|c 01
|